The Beatles Song Quiz - Statistics

General Stats
  • This quiz has been taken 30 times
  • The average score is 26 of 181
Answer Stats
Hint Answer % Correct
Please Please Me
74%
Can't Buy Me Love
58%
Love Me Do
58%
All You Need Is Love
53%
It's Only Love
53%
Words of Love
53%
Please Please Me I Saw Her Standing There
47%
Misery
47%
All I've Got to Do
42%
Anna (Go to Him)
42%
And I Love Her
37%
Boys
37%
Chains
37%
P.S. I Love You
37%
A Hard Day's Night A Hard Day's Night
32%
Baby It's You
32%
Dig It
32%
Do You Want to Know a Secret
32%
Help! Help!
32%
I Need You
32%
I Want to Tell You
32%
Kansas City/Hey-Hey-Hey-Hey!
32%
Twist and Shout
32%
Let It Be Two of Us
32%
Yellow Submarine
32%
Don't Bother Me
26%
Rubber Soul Drive My Car
26%
Get Back
26%
I'm Happy Just to Dance with You
26%
I'm Looking Through You
26%
With the Beatles It Wont Be Long
26%
Let It Be
26%
Till There Was You
26%
Within You Without You
26%
You Really Got a Hold on Me
26%
You Won't See Me
26%
Across the Universe
21%
A Day in the Life
21%
Another Girl
21%
Any Time at All
21%
Ask Me Why
21%
Baby's in Black
21%
Blackbird
21%
Abbey Road Come Together
21%
Dig a Pony
21%
Eleanor Rigby
21%
For No One
21%
Girl
21%
If I Fell
21%
In My Life
21%
Michelle
21%
Ob-La-Di, Ob-La-Da
21%
Something
21%
You're Going to Lose That Girl
21%
All My Loving
16%
A Taste of Honey
16%
Birthday
16%
Everybody's Trying to Be My Baby
16%
For You Blue
16%
Helter Skelter
16%
I'm a Loser
16%
I Me Mine
16%
I've Got a Feeling
16%
Long, Long, Long
16%
Lovely Rita
16%
Magical Mystery Tour Magical Mystery Tour
16%
Mean Mr. Mustard
16%
Money (That's What I Want)
16%
One After 909
16%
Revolution 1
16%
Revolution 9
16%
Roll Over Beethoven
16%
Sgt. Pepper's Lonely Hearts Club Band Sgt. Pepper's Lonely Hearts Club Band
16%
Revolver Taxman
16%
There's a Place
16%
Ticket to Ride
16%
Wait
16%
What Goes On
16%
Yesterday
16%
You Never Give Me Your Money
16%
All Together Now
11%
Cry Baby Cry
11%
Golden Slumbers
11%
Hey Bulldog
11%
Honey Don't
11%
I Am the Walrus
11%
I'll Be Back
11%
I Wanna Be Your Man
11%
Julia
11%
Little Child
11%
Love You To
11%
Maggie Mae
11%
Martha My Dear
11%
Maxwell's Silver Hammer
11%
Beatles for Sale No Reply
11%
Octopus's Garden
11%
Piggies
11%
Polythene Pam
11%
Rock and Roll Music
11%
Run for Your Life
11%
She Said She Said
11%
Tell Me Why
11%
The End
11%
The Long and Winding Road
11%
The Word
11%
With a Little Help from My Friends
11%
Your Mother Should Know
11%
Act Naturally
5%
Because
5%
Blue Jay Way
5%
Carry That Weight
5%
Dear Prudence
5%
Devil In Her Heart
5%
Doctor Robert
5%
Don't Pass Me By
5%
Eight Days a Week
5%
Fixing a Hole
5%
Getting Better
5%
Glass Onion
5%
Good Day Sunshine
5%
Good Morning Good Morning
5%
Got to Get You into My Life
5%
Happiness Is a Warm Gun
5%
Here Comes the Sun
5%
Here, There and Everywhere
5%
Hold Me Tight
5%
If I Needed Someone
5%
I'll Follow the Sun
5%
I Should Have Known Better
5%
I Will
5%
Lucy in the Sky with Diamonds
5%
Mr. Moonlight
5%
Not a Second Time
5%
Nowhere Man
5%
Oh! Darling
5%
Please Mr. Postman
5%
Rocky Racoon
5%
She's Leaving Home
5%
The Fool on the Hill
5%
Think for Yourself
5%
When I Get Home
5%
When I'm Sixty-Four
5%
While My Guitar Gently Weeps
5%
Yer Blues
5%
And Your Bird Can Sing
0%
The Beatles Back In the U.S.S.R.
0%
Being for the Benefit of Mr. Kite!
0%
Dizzy Miss Lizzy
0%
Everybody's Got Something to Hide Except Me and My Monkey
0%
Every Little Thing
0%
Flying
0%
Good Night
0%
Her Majesty
0%
Honey Pie
0%
I Don't Want to Spoil the Party
0%
I'll Cry Instead
0%
I'm Only Sleeping
0%
I'm So Tired
0%
It's All Too Much
0%
I've Just Seen a Face
0%
I Want You (She's So Heavy)
0%
Mother Nature's Son
0%
Norwegian Wood (This Bird Has Flown)
0%
Only a Northern Song
0%
Savoy Truffle
0%
Sexy Sadie
0%
Sgt. Pepper's Lonely Hearts Club Band (Reprise)
0%
She Came In Through the Bathroom Window
0%
Sun King
0%
Tell Me What You See
0%
The Continuing Story of Bungalow Bill
0%
The Night Before
0%
Things We Said Today
0%
Tomorrow Never Knows
0%
What You're Doing
0%
Why Don't We Do It in the Road
0%
Wild Honey Pie
0%
You Can't Do That
0%
You Like Me Too Much
0%
You've Got to Hide Your Love Away
0%
No matching quizzes found
Score Distribution
Percent of People with Each Score
Percentile by Number Answered
Your Score History
You have not taken this quiz